000 00462nam a2200157Ia 4500
008 230917s9999||||xx |||||||||||||| ||und||
020 _cPON4.95
040 _e19406
_aMAIN
041 _aEnglish
082 _a330.91 G275W
100 _aGeiger, Theodore
245 0 _aWelfare and efficiency: Their interactions in Western Europe and implications for international economic relations
250 _aLondon, Macmillan ed.
260 _a1979
_c149
942 _cBK
999 _c212761
_d212761